000 02038nam a22002897a 4500
001 1204
005 20230808102737.0
008 230808b cb ||||| |||| 00| 0 khr d
020 _a9789924340973
040 _aFISKH
_beng
_cFISKH
_dFISKH
082 _a636.967
100 _aNeme, Laurel
245 _bរឿងពិតរបស់ដំរីឈ្មោះឈូក នៅសួនសត្វភ្នំតាម៉ៅ :
_aស្បែកជើងថ្មីរបស់ដំរី /
_cនិពន្ធដោយ ឡូរែល ណេម ; គូររូបដោយ អារៀល ឡេនឌី ; បកប្រែពីភាសាអង់គ្លេសដោយ អ៊ូច សូលីដា
250 _aបោះពុម្ពលើកទី២ មករា ២០២២​
260 _aPhnom Penh :
_bSipar,
_c2022.
300 _a40 pages :
_bcolor illustrations ;
_c24 cm
490 _aរឿងដំបូងៗ
505 _aK
520 _aឈូកជាកូនដំរីរបួសជើងមួយដោយសារអន្ទាក់លួសក្នុងព្រៃខេត្តមណ្ឌលគិរី។ នីកបានជួយឈូក និងនាំវាមកថែទាំនៅមជ្ឈមណ្ឌលសង្រ្គោះសត្វព្រៃភ្នំតាម៉ៅ។ នីកខំស្វះស្វែងជួយរកវិធីផលិតស្បែកជើងថ្មីឲវា។
520 _aChhouk, a baby elephant, was injured in a leg by a wire trap in the forest of Mondulkiri province. Nick helped Chhouk and took care of him and moved him to Phnom Tamao Wildlife Rescue Center. Nick tries to find a way to make new shoe for him.
521 _a510
_bLexile estimate
521 _aK
_bRaz-Plus
650 _aឈូក
_vសង្គ្រោះ
_xស្បែកជើងថ្មី
650 _aChhouk
_vRescue
_xNew shoe
700 _aLandy, Ariel
_cillustrator
942 _2ddc
_cBK
_n0
999 _c1204
_d1204